Sub-superekvivalentová izotopová zrieďovacia analýza /

Hlavní autor: Klas, Ján, chemik
Další autoři: Lesný, Juraj, Tölgyessy, Juraj, 1931-2014
Jazyk: Slovenština
Vydáno: Bratislava : Veda, 1985
Vydání: 1. vyd.
Edice: Pokroky chémie
Témata:
Fyzický popis: 154 s.
Language note: Anglické a ruské resumé
Knihy
Uloženo v:
LEADER 01136nam a2200337 a 4500
001 000427171
003 CZ BrMZK
005 20081011211856.0
007 ta
008 990305s1985 xo f slo d
040 |a BOA001  |b cze 
041 0 |a slo  |b eng  |b rus 
080 9 |a 543.027 
080 9 |a 543.064 
100 1 |a Klas, Ján,  |c chemik  |4 aut 
245 1 0 |a Sub-superekvivalentová izotopová zrieďovacia analýza /  |c Ján Klas, Juraj Tölgyessy, Juraj Lesný 
250 |a 1. vyd. 
260 |a Bratislava :  |b Veda,  |c 1985 
300 |a 154 s. 
490 1 |a Pokroky chémie 
504 |a Obsahuje bibliografii 
546 |a Anglické a ruské resumé 
700 1 |a Lesný, Juraj  |4 aut 
700 1 |a Tölgyessy, Juraj,  |d 1931-2014  |7 jn19990008588  |4 aut 
830 0 |a Pokroky chémie 
910 |a BOA001  |b 2-0896.691  |b TK-0258.223 
920 |a 000058781 
964 |a Izotopová diluční analýza - metody 
990 |a BK 
996 7 |b 2619383313  |c 2-0896.691  |l MZK  |r Sklad / do 1 hodiny  |n 0  |w 000427171  |u 000010  |a 1  |e BOA001  |j MZK50  |s A 
996 7 |b 2620002864  |c TK-0258.223  |l MZK  |r Sklad / do 24 hodin  |n 1  |p kup  |w 000427171  |u 000020  |a 1  |e BOA001  |j MZK50  |s A